Statistics for Triply Landlocked States

Click here to take the quiz!

General Stats

  • This quiz has been taken 30 times
  • The average score is 5 of 7

Answer Stats

Answer% Correct
Nebraska
83%
South Dakota
79%
Iowa
76%
North Dakota
76%
Michigan
59%
Minnesota
59%
Wisconsin
52%

Score Distribution

Percentile by Number Answered

Percent of People with Each Score

Your Score History

You have not taken this quiz